La evaluación del proceso enseñanza-aprendizaje aplicada por el docente del Nivel Medio, Colegio San Antonio de Padua Periodo, 2011-2012 (Record no. 4117)

MARC details
000 -LEADER
campo de control de longitud fija 03004nam a2200577Ia 4500
001 - NÚMERO DE CONTROL
campo de control 4374
008 - DATOS DE LONGITUD FIJA--INFORMACIÓN GENERAL
campo de control de longitud fija 241029s9999 xx 000 0 und d
010 ## - NÚMERO DE CONTROL DE LA BIBLIOTECA DEL CONGRESO
Número de control de LC 4117
041 ## - CÓDIGO DE IDIOMA
Código de lengua del texto/banda sonora o título independiente Español
082 ## - NÚMERO DE LA CLASIFICACIÓN DECIMAL DEWEY
Número de clasificación ED 535 UTESA
245 #0 - MENCIÓN DEL TÍTULO
Título La evaluación del proceso enseñanza-aprendizaje aplicada por el docente del Nivel Medio, Colegio San Antonio de Padua Periodo, 2011-2012
260 ## - PUBLICACIÓN, DISTRIBUCIÓN, ETC.
Lugar de publicación, distribución, etc. Santo Domingo
300 ## - DESCRIPCIÓN FÍSICA
Extensión 62
520 ## - RESUMEN, ETC.
Sumario, etc. 49
520 ## - RESUMEN, ETC.
Sumario, etc. Se planteó como objetivo general, analizar la aplicación del sistema de evaluación utilizado por los docentes del Nivel Medio, Colegio San Antonio de Padua, Periodo 2011-2012.  La población objeto de estudio fue de 57 alumnos, en lo referente a la población de docentes estuvo constituida por 17 maestros, seleccionándose una muestra de 10 docentes. Los instrumentos utilizados para la recolección de datos correspondieron a la encuesta, aplicadas a los estudiantes, mediante cuestionarios de preguntas cerradas; mientras que la entrevista fue dirigida a los docentes, a través de cuestionarios de preguntas abiertas. Este estudio arrojó como hallazgos, que los docentes en el colegio objeto de investigación, evalúan a sus alumnos, con la finalidad de determinar el proceso de aprendizaje, así lo consideró el 54% de los alumnos encuestados, coincidiendo con lo expresado por los docentes entrevistados, quienes evalúan a sus alumnos de acuerdo a los parámetros de la Ordenanza 1´96.En virtud de los hallazgos, se planteó  que los docentes del Nivel Medio del Colegio San Antonio de Padua, apliquen de forma equitativa los tres tipos de evaluación.  Además que las autoridades del Centro Educativo, supervisen  periódicamente a sus docentes para comprobar la aplicación de la Ordenanza 1´96, en sus prácticas evaluativas en el aula.    
630 ## - PUNTO DE ACCESO ADICIONAL DE MATERIA--TÍTULO UNIFORME
Título uniforme Docentes
630 ## - PUNTO DE ACCESO ADICIONAL DE MATERIA--TÍTULO UNIFORME
Título uniforme Enseñanza-Aprendizaje
630 ## - PUNTO DE ACCESO ADICIONAL DE MATERIA--TÍTULO UNIFORME
Título uniforme Evaluación
630 ## - PUNTO DE ACCESO ADICIONAL DE MATERIA--TÍTULO UNIFORME
Título uniforme Nivel Medio
630 ## - PUNTO DE ACCESO ADICIONAL DE MATERIA--TÍTULO UNIFORME
Título uniforme Sistema de Evaluación
650 ## - PUNTO DE ACCESO ADICIONAL DE MATERIA--TÉRMINO DE MATERIA
Término de materia o nombre geográfico como elemento de entrada Evaluación
690 ## - PUNTO DE ACCESO ADICIONAL DE MATERIA LOCAL--TÉRMINO DE MATERIA (OCLC, RLIN)
Término de materia o nombre geográfico como elemento inicial Sintetizado
700 ## - ENTRADA AGREGADA--NOMBRE PERSONAL
Término indicativo de función/relación asesor
Nombre de persona Cambero, María Estela
700 ## - ENTRADA AGREGADA--NOMBRE PERSONAL
Término indicativo de función/relación autor
Nombre de persona Cuello Maduro, Miguelina Altagracia
700 ## - ENTRADA AGREGADA--NOMBRE PERSONAL
Término indicativo de función/relación autor
Nombre de persona Polanco Cruz, Sandra
901 ## - ELEMENTOS DE DATOS A LOCAL LDA (RLIN)
a {"1":" Cuello Maduro","2":"Polanco Cruz"}
b {"1":"Miguelina Altagracia ","2":"Sandra "}
902 ## - ELEMENTOS DE DATOS B LOCAL, LDB (RLIN)
a 1
903 ## - ELEMENTOS DE DATOS C LOCAL, LDC (RLIN)
a {"1":" Cambero"}
b {"1":"María Estela "}
904 ## - ELEMENTOS DE DATOS D LOCAL, LDD (RLIN)
a Maestría en
905 ## - ELEMENTOS DE DATOS E LOCAL, LDE (RLIN)
a Ciencias de la Educación
906 ## - ELEMENTOS DE DATOS F LOCAL, LDF (RLIN)
a 1
907 ## - ELEMENTOS DE DATOS G LOCAL, LDG (RLIN)
a Mención en
908 ## - COLOCAR PARÁMETRO DE COMANDO (RLIN)
Colocar parámetro de comando Administración de la Educación
909 ## -
-- Universidad Tecnológica de Santiago (UTESA), Campus II Máximo Gómez
910 ## - DATOS DE OPCIÓN DEL USUARIO (OCLC)
Datos de opción del usuario NULL
-- NULL
911 ## - EQUIVALENCIA O REFERENCIA-CRUZADA-NOMBRE DE CONFERENCIA O REUNIÓN/CONGRESO [LOCAL, CANADÁ]
Nombre de congreso/reunión o jurisdicción como elemento de entrada ["1"]
912 ## -
-- NO APLICA
913 ## -
-- NULL
914 ## -
-- 01 de Enero de 2014
915 ## -
-- 20/07/15 08:07
916 ## -
-- NULL
917 ## -
-- NULL
918 ## -
-- NO APLICA
919 ## -
-- ["70","89","97","240","184"]
921 ## -
-- 12
922 ## -
-- 12
923 ## -
-- 0
924 ## -
-- NO APLICA
942 ## - ELEMENTOS DE ENTRADA SECUNDARIOS (KOHA)
Tipo de ítem Koha

No items available.

© 2024. Todos los Derechos Reservados. Desarrollado por IDEICE